A treatise on cosmic fire /

Bibliographic Details
Main Author: Bailey, Alice, 1880-1949
Format: Book
Language:English
Published: New York : Lucis, 1925.
Edition:1st ed.
Subjects:

MARC

Tag First Indicator Second Indicator Subfields
LEADER 00000cam a2200000 a 4500
001 in00000082167
005 20151008055524.0
008 781027s1925 nyua b 00010 engm
010 |a  23009082  
035 |a (OCoLC)04324398 
035 |9 AAJ3689AM 
040 |a DLC  |c CLE  |d TXA  |d UtOrBLW 
049 |a TXAM  |v 1 [1672678] 
050 0 |a BF1900  |b .B37 
092 |a 174  |b B151t2 
100 1 |a Bailey, Alice,  |d 1880-1949. 
245 1 2 |a A treatise on cosmic fire /  |c by Alice A. Bailey. 
250 |a 1st ed. 
264 1 |a New York :  |b Lucis,  |c 1925. 
300 |a 2 volumes :  |b illustrations ;  |c 24 cm. 
336 |a text  |b txt  |2 rdacontent 
337 |a unmediated  |b n  |2 rdamedia 
338 |a volume  |b nc  |2 rdacarrier 
504 |a Includes bibliographical references. 
650 0 |a Occultism. 
999 |a MARS 
999 f f |s 58093437-47d2-38dd-9e08-da2ba4129916  |i bbbd956e-55a0-3d42-b193-cd58c9a5e951  |t 0 
952 f f |p ric  |a Texas A&M University  |b Rellis Campus  |c Joint Library Facility  |d Remote Storage  |t 0  |e BF1900 .B37  |h Library of Congress classification  |i unmediated -- volume  |m A14806088697 
998 f f |a BF1900 .B37  |s v1  |t 0  |l Remote Storage